| 000 | 01365naa a22003497a 4500 | ||
|---|---|---|---|
| 001 | BR8705726 | ||
| 003 | BR-BrBNA | ||
| 005 | 20250721154522.0 | ||
| 007 | ta | ||
| 008 | 250630b bl.|||m| |||| 00| 0 por d | ||
| 040 |
_aBR-BrBNA _bpor _cBiblioteca Nacional de Agricultura |
||
| 041 | _a(Pt) | ||
| 072 |
_aP06 _b8961 _bG514 |
||
| 090 | _aP06 BR8705726 | ||
| 100 | 1 | _aCordeiro, D.S. | |
| 100 | 1 | _aPorto, M.P. | |
| 100 | 1 | _aPetrini, J.A. | |
| 100 | 1 | _aRaupp, A.A.A. | |
| 100 | 1 | _aKichel, A.N. | |
| 100 | 1 | _aAlquati, P.H. | |
| 245 | 1 | _aCulturas altenativas para a producao de alcool na serra e encosta do sudeste do Rio Grande do Sul | |
| 500 | _aEnergia alternativa para propriedade rural: fontes, utilizacao e perspectivas Brasilia, DF (Brasil): EMBRAPA - Depto. de Difusao de Tecnologia, 1986. p. 63-72 [Summaries (En, Pt); 7 ref.] (BR8705726-AMS) | ||
| 773 | 0 |
_tEnergia alternativa para propriedade rural: fontes, utilizacao e perspectivas _wP06 BR8705726 _gBrasilia, DF (Brasil), 1986. p. 63-72 |
|
| 650 | _aALCOOL | ||
| 650 | _aSORGO ACUCAREIRO | ||
| 650 | _aBETERRABA ACUCAREIRA | ||
| 650 | _aCANA DE ACUCAR | ||
| 650 | _aRIO GRANDE DO SUL | ||
| 490 |
_aDocumentos - Centro de Pesquisa Agropecuaria de Terras Baixas de Clima Temperado (Brazil) _vno. 23 _xISSN 0101-9708 |
||
| 942 |
_cAMS _2AGRIS |
||
| 909 |
_a202506 _bLúcia _c55 _dLúcia Elande |
||
| 999 |
_c335312 _d335312 |
||